| 000 | 00927nam a2200229Ia 4500 | ||
|---|---|---|---|
| 003 | OSt | ||
| 005 | 20200723153145.0 | ||
| 008 | 191128s1962 ck gr 000 0 spa d | ||
| 040 |
_aCO-JMCR _cCO-JMCR |
||
| 041 | 0 | _aspa | |
| 082 | 0 | 4 |
_a331.11 / _bE775c _223 |
| 100 | 1 |
_aEspinosa S., Justiniano, _eautor _97698 |
|
| 245 | 1 | 3 |
_aLa contratación colectiva / _cJustiniano Espinosa S. |
| 250 | _aPrimera edición | ||
| 260 |
_aBogotá : _bEditorial Justicia, _c1962. |
||
| 300 |
_a58 páginas ; _c18 cm. |
||
| 505 | 0 | _aAntecedentes históricos -- Qué es la convención colectiva de trabajo -- Cuestiones que son materia del contrato colectivo -- Puntos que no son materia del contrato colectivo -- Servicios que púedeprestar el sindicato -- Procedimiento en las negociaciones | |
| 650 | 1 | 4 |
_aContratos _97699 |
| 650 | 2 | 4 |
_aColectivos de trabajo _97700 |
| 650 | 2 | 4 |
_aColombia sindicatos - -- _zColombia _97701 |
| 942 |
_2ddc _cBK |
||
| 999 |
_c4329 _d4329 |
||